000 00719cam a22001815a 4500
001 L156274
008 120510s1868 xxk f 000 0 eng d
035 _a(Sirsi) u156274
041 0 _aeng
100 1 _aJames, Henry
_cSir
_d1803-1877
245 0 0 _aOn the rectangular tangential projection of the sphere and spheroid, with tables ... for the construction of maps on that projection
_band also for a map of the world on the scale of ten miles to an inch ...
260 _aSouthampton
_bOrdnance Survey
_c1868
300 _a6 p.
_b4 maps
_c54 x 36 cm.
583 0 _aCondition reviewed
_c20120620
_lcondition level 4, brittle paper, detached boards
651 4 _aInternational
690 _aGeomatics
_96242
942 _n0
999 _c114145
_d114145